| 000 | 00687nam a2200217Ia 4500 | ||
|---|---|---|---|
| 001 | 8897 | ||
| 003 | GE_BSU | ||
| 008 | 181216s||||||||xx |||||||||||||| ||und|| | ||
| 040 | _cGE_BSU | ||
| 245 | _aТеоретическая и математическая физика (Том 177) №3 2013 | ||
| 245 | _bДекабрь | ||
| 245 | _cГл.ред.А.А.Логунов и др. | ||
| 260 | _aМосква | ||
| 260 | _bНаука | ||
| 260 | _c2013 | ||
| 300 | _a528стр;28см. | ||
| 653 | _aПериодика | ||
| 653 | _aТеоретическая и математическая физика.(Том 177) №3 2013 | ||
| 653 | _aპერიოდიკა | ||
| 942 | _cCR | ||
| 999 |
_c42204 _d42204 |
||